00518nam a22001695a 45000050016000000100017000160200023000330350017000560370008000730820013000812450042000942460050001362600041001862700052002273000038002794900031003172010092309509.0 aB-413596-610 a8189449192c295.00 aB-413596-610 bUBH a915.4062 a100 best resorts & retreats in India  aOne hundred best resorts & retreats in India  aNew Delhi bOutlook Pubishing c2009 aAB-10, Safdarjung Enclave, bNew Delhi e110029 a398 p. bcol. ill. ;c21 cm(pbk)  aOutlook traveller getaways